000 02092cam a22005294i 4500
003 PE-LiUPU
005 20250731172707.0
008 150617s r 000 0 d
020 _a8430106529
035 _a(Sirsi) i9788430106523
040 _aPE-LiUPU
_bspa
_cPE-LiUPU
_erda
049 _aPRUA
082 0 4 _a227.04
_bB29
_221
100 1 _aBeapuere, Nelly,
_eautor.
245 1 0 _aSan Pablo y la alegría /
_cNelly Beapuere.
264 1 _aBurgos, España :
_bEdiciones Sígueme,
_c1975.
300 _a147 páginas ;
_c20 centímetros.
336 _atext
_2rdacontent
337 _aunmediated
_2rdamedia
338 _avolume
_2rdacarrier
490 0 _aTemas vivos ;
_v38
505 0 _aEl lenguaje de la alegría -- La experiencia de la alegría y la repercusión de la buena noticia -- La alegría apostólica de san Pablo -- Cristo, alegría del cristiano -- El carisma de la alegría -- El ministerio de la alegría cristiana.
526 _aSEG42
526 _aSEG41
526 _aSEG40
526 _aSEG39
526 _aP94
526 _aP87
526 _aP86
526 _aP85
526 _aP77
526 _aP76
526 _aP35
630 _aBiblia
_pN.T.
_pEpístolas paulinas
_xComentarios.
650 0 4 _aAlegría
_vEnsayos.
650 0 4 _aVida cristiana.
910 _ajck
_bjvq
_cjck
_d20150616
942 _2ddc
_cBOOK
949 _a227.04 B29
_wDEWEY
_c1
_i37620
_lCCODEBUL1
_mBUL
_r0
_sY
_tBOOK
_u2015-6-17
_xTEOLOGIA
_PP35
_0COMPRA
_o.STAFF. Colección General
949 _a227.04 B29
_wDEWEY
_c2
_i15829
_lCCODEBUL1
_mBUL
_r0
_sY
_tBOOK
_u2015-6-17
_xTEOLOGIA
_PP35
_0COMPRA
_o.STAFF. Colección General
994 _aC0
_bPEPRU
596 _a1
999 _a227.04 B29
_wDEWEY
_c395
_i37620
_f2021-11-9
_g5
_lCCODEBUL1
_mBUL
_r0
_sY
_tBOOK
_u2015-6-17
_xTEOLOGIA
_PP35
_0COMPRA
_o.STAFF. Colección General
_d395
999 _a227.04 B29
_wDEWEY
_c2
_i15829
_f2021-11-9
_g5
_lCCODEBUL1
_mBUL
_r0
_sY
_tBOOK
_u2015-6-17
_xTEOLOGIA
_PP35
_0COMPRA
_o.STAFF. Colección General
980 _81
_gALBERTO SANCHEZ Responsable de Automatización